<?xml version="1.0" encoding="UTF-8"?>
<record
    xmlns:xsi="http://www.w3.org/2001/XMLSchema-instance"
    xsi:schemaLocation="http://www.loc.gov/MARC21/slim http://www.loc.gov/standards/marcxml/schema/MARC21slim.xsd"
    xmlns="http://www.loc.gov/MARC21/slim">

  <leader>03539nam a2200277 a 4500</leader>
  <controlfield tag="001">000030700</controlfield>
  <controlfield tag="003">DO-SdBNP</controlfield>
  <controlfield tag="005">20241011131916.0</controlfield>
  <controlfield tag="008">110526s1954    dr            000 0 spa d</controlfield>
  <datafield tag="040" ind1=" " ind2=" ">
    <subfield code="a">DO-SdBNP</subfield>
    <subfield code="b">spa</subfield>
    <subfield code="c">BNPHU</subfield>
  </datafield>
  <datafield tag="049" ind1=" " ind2=" ">
    <subfield code="a">BNPD</subfield>
  </datafield>
  <datafield tag="082" ind1=" " ind2=" ">
    <subfield code="a">972.93053</subfield>
    <subfield code="b">V427c</subfield>
  </datafield>
  <datafield tag="245" ind1="0" ind2="0">
    <subfield code="a">23 conferencias acerca de las &#xFA;ltimas leyes de protecci&#xF3;n social promulgadas por el poder /</subfield>
    <subfield code="c">Jaime Guerrero &#xC1;vila... [et al.].</subfield>
  </datafield>
  <datafield tag="246" ind1="1" ind2="0">
    <subfield code="a">Veinte y tres conferencias acerca de las &#xFA;ltimas leyes de protecci&#xF3;n social promulgadas</subfield>
  </datafield>
  <datafield tag="260" ind1=" " ind2=" ">
    <subfield code="a">Ciudad Trujillo, Rep&#xFA;blica Dominicana :</subfield>
    <subfield code="b">Partido Dominicano,</subfield>
    <subfield code="c">1954.</subfield>
  </datafield>
  <datafield tag="300" ind1=" " ind2=" ">
    <subfield code="a">294 p. ;</subfield>
    <subfield code="c">23 cm.</subfield>
  </datafield>
  <datafield tag="505" ind1="0" ind2=" ">
    <subfield code="g">Introducci&#xF3;n --</subfield>
    <subfield code="t">La obra social del jefe en la lucha anticomunista del mundo cristiano /</subfield>
    <subfield code="r">Jaime A. Guerrero &#xC1;vila --</subfield>
    <subfield code="t">La Era de Trujillo construye un ciclo espl&#xE9;ndido para la patria dominicana /</subfield>
    <subfield code="r">&#xC1;lvaro A. Arvelo--</subfield>
    <subfield code="t">Pol&#xED;tica social del general&#xED;simo Trujillo /</subfield>
    <subfield code="r">Mariano Ariza Hern&#xE1;ndez --</subfield>
    <subfield code="t">La Era de Trujillo y la justicia social /</subfield>
    <subfield code="r">Osvaldo B. Soto --</subfield>
    <subfield code="t">Perspectiva hist&#xF3;rica de la pol&#xED;tica social de Trujillo /</subfield>
    <subfield code="r">Virgilio D&#xED;az Grull&#xF3;n --</subfield>
    <subfield code="t">Justicia social, postulado b&#xE1;sico de una pol&#xED;tica /</subfield>
    <subfield code="r">Jos&#xE9; Amadeo Rodr&#xED;guez --</subfield>
    <subfield code="t">Pol&#xED;tica social en La Era de Trujillo /</subfield>
    <subfield code="r">Carlos Curiel --</subfield>
    <subfield code="t">Aspectos de la legislaci&#xF3;n social en La Era de Trujillo /</subfield>
    <subfield code="t">Eduardo Read Barreras --</subfield>
    <subfield code="t">Legislaci&#xF3;n social en La Era de Trujillo /</subfield>
    <subfield code="r">Rafael Alburquerque Contreras --</subfield>
    <subfield code="t">Consideraciones acerca de la pol&#xED;tica social del general&#xED;simo Trujillo. Proporciones de la misma. Las &#xFA;ltimas leyes promulgadas como complemento de esa pol&#xED;tica social /</subfield>
    <subfield code="r">Andr&#xE9;s Vicioso G. --</subfield>
    <subfield code="t">La legislaci&#xF3;n social en La Era de Trujillo y sus m&#xE1;s recientes logros /</subfield>
    <subfield code="r">Salvador Barinas Coiscou --</subfield>
    <subfield code="t">Las leyes sociales promulgadas recientemente /</subfield>
    <subfield code="r">Fernando E. Ravelo de la Fuente --</subfield>
    <subfield code="t">Los desamparados en el derecho civil trujilloniano /</subfield>
    <subfield code="r">Eur&#xED;pides Roques Rom&#xE1;n.</subfield>
  </datafield>
  <datafield tag="505" ind1="0" ind2=" ">
    <subfield code="t">Espl&#xE9;ndida realidad en el proceso evolutivo de la legislaci&#xF3;n de asistencia social en La Era de Trujillo /</subfield>
    <subfield code="r">Luis Rafael Hern&#xE1;ndez A. --</subfield>
    <subfield code="t">Pol&#xED;tica social de Trujillo /</subfield>
    <subfield code="r">Pedro A. Cambiaso Lluberes --</subfield>
    <subfield code="t">Algunos aspectos de la pol&#xED;tica social de Trujillo : recientes disposiciones legales al respecto /</subfield>
    <subfield code="r">Hermog&#xE9;nes Encarnaci&#xF3;n soto --</subfield>
    <subfield code="t">Conquistas sociales de La Era de Trujillo y sus proyecciones anticomunistas /</subfield>
    <subfield code="r">Francisco S&#xE1;nchez B&#xE1;ez --</subfield>
    <subfield code="t">Orden, paz y felicidad /</subfield>
    <subfield code="r">Luis Columna Velazco --</subfield>
    <subfield code="t">Las &#xFA;ltimas leyes inspirada por Trujillo en provecho de su pueblo /</subfield>
    <subfield code="r">C&#xE9;sar A. de Castro Guerra --</subfield>
    <subfield code="t">Trascendencia de la pol&#xED;tica social del general&#xED;simo Trujillo /</subfield>
    <subfield code="r">Luis Rafael Ortega Oller --</subfield>
    <subfield code="t">Breve estudio de la legislaci&#xF3;n social en la Rep&#xFA;blica Dominicana /</subfield>
    <subfield code="r">Jos&#xE9; Cass&#xE1; Logro&#xF1;o --</subfield>
    <subfield code="t">La preocupaci&#xF3;n social en la estructuraci&#xF3;n de una pol&#xED;tica /</subfield>
    <subfield code="r">Bienvenido Canto y Rosario --</subfield>
    <subfield code="t">Alcance de la legislaci&#xF3;n social en La Era de Trujillo /</subfield>
    <subfield code="r">Pedro Julio B&#xE1;ez K.</subfield>
  </datafield>
  <datafield tag="651" ind1=" " ind2="4">
    <subfield code="a">Rep&#xFA;blica Dominicana</subfield>
    <subfield code="x">Pol&#xED;tica social</subfield>
    <subfield code="x">Historia </subfield>
    <subfield code="y">Era de Trujillo, 1930-1961 </subfield>
    <subfield code="x">Ensayos, Conferencias, Etc.</subfield>
    <subfield code="9">57275</subfield>
    <subfield code="v">Ensayos, conferencias, etc.</subfield>
  </datafield>
  <datafield tag="651" ind1=" " ind2="4">
    <subfield code="a">Rep&#xFA;blica Dominicana</subfield>
    <subfield code="x">Condiciones sociales</subfield>
    <subfield code="y">Era de Trujillo, 1930-1961</subfield>
    <subfield code="x">Ensayos, conferencias, etc.</subfield>
    <subfield code="9">57276</subfield>
  </datafield>
  <datafield tag="651" ind1=" " ind2="7">
    <subfield code="a">Rep&#xFA;blica Dominicana</subfield>
    <subfield code="x">Historia</subfield>
    <subfield code="y">Era de Trujillo, 1930-1961</subfield>
    <subfield code="x">Ensayos, conferencias, etc.</subfield>
    <subfield code="9">30520</subfield>
    <subfield code="2">LEMB</subfield>
  </datafield>
  <datafield tag="651" ind1=" " ind2="7">
    <subfield code="a">Rep&#xFA;blica Dominicana</subfield>
    <subfield code="x">Pol&#xED;tica y gobierno</subfield>
    <subfield code="y">Era de Trujillo, 1930-1961</subfield>
    <subfield code="v">Ensayos, conferencias, etc.</subfield>
    <subfield code="9">30546</subfield>
    <subfield code="2">LEMB</subfield>
  </datafield>
  <datafield tag="710" ind1="2" ind2="2">
    <subfield code="a">Partido Dominicano (Rep&#xFA;blica Dominicano)</subfield>
    <subfield code="9">57277</subfield>
  </datafield>
  <datafield tag="910" ind1=" " ind2=" ">
    <subfield code="a">Validado. Control de calidad EMS.</subfield>
  </datafield>
  <datafield tag="942" ind1=" " ind2=" ">
    <subfield code="2">ddc</subfield>
    <subfield code="c">LBS1</subfield>
  </datafield>
  <datafield tag="952" ind1=" " ind2=" ">
    <subfield code="0">0</subfield>
    <subfield code="1">0</subfield>
    <subfield code="2">ddc</subfield>
    <subfield code="7">1</subfield>
    <subfield code="8">RV</subfield>
    <subfield code="a">PD</subfield>
    <subfield code="b">PD</subfield>
    <subfield code="c">HD</subfield>
    <subfield code="d">2011-05-26</subfield>
    <subfield code="i">LF1</subfield>
    <subfield code="l">0</subfield>
    <subfield code="o">BNPHU PD-RV 972.93053 V427c</subfield>
    <subfield code="p">30700-10</subfield>
    <subfield code="r">2020-06-25</subfield>
    <subfield code="w">2020-06-25</subfield>
    <subfield code="y">1</subfield>
    <subfield code="z">Perteneci&#xF3; a la biblioteca personal de Germ&#xE1;n Emilio Ornes.</subfield>
  </datafield>
  <datafield tag="999" ind1=" " ind2=" ">
    <subfield code="c">30192</subfield>
    <subfield code="d">30192</subfield>
  </datafield>
</record>
